000 00638nam a2200205Ia 4500
001 21437
003 GE_BSU
008 181216s||||||||xx |||||||||||||| ||und||
040 _cGE_BSU
080 _aპერიოდიკა
245 _aИнформационно-управляющие системы. №4(89) 2017
245 _cГл.ред.Сергеев М.Б.
260 _aМосква
260 _c2017
300 _a120 стр. 29см.
653 _aИнформационно-управляющие системы. №4(89) 2017
653 _aПериодика
653 _aპერიოდიკა
942 _cCR
999 _c54381
_d54381